000 00712nam a22002177a 4500
003 UA-OsUOA
001 118069
007 ta
008 20160715b un ||||| |||| 00| 0 ukr d
100 _aБілорус О.Г.
090 _a330(477)
_bБ67
942 _cSA
040 _aUA-OsUOA
_bukr
_cUA-OsUOA
_dUA-OsUOA
245 _aСтруктурна трансформація глобального капіталу та гіперфінансіалізація відтворювальних процесів
300 _aС.7-20
955 _a0
041 _aukr
080 _a330(477)
773 0 _w118068
_tФінанси України
_dК.
_d2016
_g1
650 7 _a330 Економіка взагалі
_2UDC
999 _c404123
_d404123